000 01159nam a22002417a 4500
003 UA-OsUOA
001 136706
007 ta
008 20190404b un ||||| |||| 00| 0 ukr d
090 _bI-87
942 _cMGN
040 _aUA-OsUOA
_beng
_cUA-OsUOA
_dUA-OsUOA
245 _aInternational Journal of Active Learning
_bArticles in press are peer reviewed, accepted articles to be published in this publication.
_cProf. Dr. Sudarmin, M.Si
955 _a1
041 _aeng
022 _a2615-6377
856 4 0 _uhttps://journal.unnes.ac.id/nju/index.php/ijal/issue/view/812
520 3 _aInternational Journal of Active Learning p-ISSN 2528-505X | e-ISSN 2615-6377 is an international, refereed publication for all those who teach and support learning in Higher Education and those who undertake or use research into effective learning, te
520 3 _aaching and assessment in universities and colleges. The journal has an objective of improving the status of teaching and learning support as professional activity and embraces academic practice across all curriculum areas in higher education.
260 _c2017
246 3 1 _a2
_n
650 7 _2UDC
999 _c410252
_d410252